Paesi più vicini alle Grenada - Morte improvvisa - Statistics

Statistiche generali
  • Questo quiz è stato fatto 12 volte
    10 dall'ultimo reset
  • Il punteggio medio è 8 su 15
Answers on the Grid
Answers color-coded by a green-red scale on the quiz's grid according to % correct below.
Saint Kitts and Nevis
Antigua e Barbuda
Dominica
Saint Lucia
Barbados
Trinidad e Tobago
Repubblica Dominicana
Haiti
Venezuela
Colombia
Brasile
Guyana
Suriname
Bahamas
Saint Vincent e Grenadine
Stati Uniti
Messico
Cuba
Honduras
El Salvador
Belize
Nicaragua
Costa Rica
Panama
Ecuador
Perù
Bolivia
Paraguay
Canada
Giamaica
 
Statistiche sulle risposte
Risposta % Corretto
Antigua e Barbuda
75%
Dominica
75%
Saint Lucia
75%
Saint Vincent e Grenadine
75%
Trinidad e Tobago
75%
Venezuela
75%
Barbados
50%
Guyana
50%
Haiti
50%
Repubblica Dominicana
50%
Saint Kitts and Nevis
50%
Suriname
50%
Colombia
25%
Bahamas
0%
Brasile
0%
Nessun quiz corrispondente trovato
Distribuzione punteggi
Percentuale di utenti per punteggio
Percentile per numero di risposta
I tuoi punteggi nel tempo
Non hai fatto questo quiz dall'ultimo reset